From which manga / anime is this the main character ? - Statistics

General Stats
  • This quiz has been taken 4,536 times
    1,670 since last reset
  • The average score is 19 of 23
Answer Stats
Hint Answer % Correct
Naruto Naruto Uzumaki
96%
Dragon Ball Son Goku
95%
Attack on Titan Eren Yeager
94%
Death Note Light Yagami
93%
One Piece Monkey D.Luffy
93%
Demon Slayer Tanjiro Kamado
93%
One Punch Man Saitama
91%
Jujutsu Kaisen Yuji Itadori
91%
Hunter x Hunter Gon Freecs
90%
My Hero Academia Izuku Midoriya
90%
Jojo's Bizarre Adventure Jonathan Joestar
89%
Fullmetal Alchemist Edward Elric
85%
Seven Dealy Sins Meliodas
84%
Tokyo Ghoul Ken Kaneki
83%
Saiki Saiki Kusuo
83%
Haikyu Hinata Shoyo
81%
Fairy Tail Natsu Dragneel
79%
The Promised Neverland Emma
77%
Dr Stone Senku Ishigami
75%
Assassination Classroom Nagisa Shiota
72%
Tokyo Revengers Takemichi
70%
Detective Conan Shinichi Kudo
62%
Food Wars Yukihira Soma
62%
No matching quizzes found
Score Distribution
Percent of People with Each Score
Percentile by Number Answered
Your Score History
You have not taken this quiz since the last reset